Logotipos de companhias aéreas - Statistics

Estatísticas Gerais
  • Esse quiz foi jogado 145 vezes
  • A pontuação média é 11 de 20
Estatísticas das Respostas
Imagem Resposta % Correto
Air Canada
91%
Emirates
79%
Swiss International
73%
Lufthansa
72%
KLM
64%
Alitalia
61%
American Airlines
61%
British Airways
61%
Ryanair
56%
South African Airways
56%
Turkish Airlines
54%
Qantas
52%
Japan Airlines
44%
Iberia
42%
Korean Air
42%
Thai Airways
36%
Southwest
31%
Air China
28%
Aer Lingus
27%
Air New Zealand
27%
Nenhum quiz correspondente encontrado
Distribuição das Pontuações
Porcentagem de Pessoas com Cada Pontuação
Percentil de Números Respondidos
Sua Pontuação Histórica
Você não jogou esse quiz